Guess the Taylor Swift song from the bridge - Statistics

General Stats
  • This quiz has been taken 113 times
  • The average score is 11 of 13
Answer Stats
Bridge Song % Correct
Ten months sober, I must admit
Just because you're _____, don't mean you don't miss it
Ten months older, I won't give in
Now that I'm _____, I'm never gonna risk it
Clean
91%
And you wanna scream Don't call me "kid," don't call me "baby" Look at this godforsaken mess that you made me You showed me colors you know I can't see with anyone else Don't call me "kid," don't call me "baby" Look at this idiotic fool that you made me You taught me a secret language I can't speak with anyone else illicit affairs
90%
They say she was seen on occasion Pacing the rocks, staring out at the midnight sea And in a feud with her neighbor She stole his dog and dyed it key lime green Fifty years is a long time Holiday House sat quietly on that beach Free of women with madness, their men and bad habits And then it was bought by me the last great american dynasty
90%
I want to wear his initial on a chain 'round my neck Chain 'round my neck Not because he owns me But 'cause he really knows me Which is more than they can say, I I recall late November Holding my breath, slowly, I said "You don't need to save me But would you run away with me?" Yes (Would you run away?) Call It What You Want
88%
Sometimes, I wonder, when you sleep Are you ever dreaming of me? Sometimes, when I look into your eyes I pretend you're mine all the damn time Delicate
87%
Well, you stood there with me in the doorway My hands shake, I'm not usually this way But you pull me in and I'm a little more brave It's the first kiss, it's flawless, really somethin' It's ________ Oh, yeah Fearless
87%
And did you think I didn't see you?
There were flashin' lights
At least I had the decency
To keep my nights out of sight
Only rumors 'bout my hips and thighs
And my whispered sighs
Oh, Lord, I think about jumpin'
Off of very tall somethings
Just to see you come runnin'
And say the one thing I've been wanting, but no
Is It Over Now?
87%
'Cause they see right through me They see right through me They see right through Can you see right through me? They see right through They see right through me I see right through me I see right through me The Archer
87%
I miss your tanned skin, your sweet smile So good to me, so right And how you held me in your arms that September night The first time you ever saw me cry Maybe this is wishful thinkin' Probably mindless dreaming But if we loved again, I swear I'd love you right I'd go back in time and change it, but I can't So, if the chain is on your door, I understand Back To December
86%
You shit-talked me under the table Talkin' rings and talkin' cradles I wish I could un-recall How we almost had it all Dancing phantoms on the terrace Are they second-hand embarrassed That I can't get out of bed 'Cause something counterfeit's dead? It was legendary It was momentary It was unnecessary Should've let it stay buried loml
82%
God rest my soul I miss who I used to be The tomb won't close Stained glass windows in my mind I regret you all the time I can't let this go I fight with you in my sleep The wound won't close I keep on waiting for a sign I regret you all the time Would've Could've Should've
75%
Six weeks of breathin' clean air I still miss the smoke Were you makin' fun of me With some esoteric joke? Now I wanna sell my house And set fire to all my clothes And hire a priest to come and exorcise my demons Even if I die screaming And I hope you hear it The Black Dog
74%
Two headlights shine through the sleepless night And I will get you a— get you alone Your name has echoed through my mind And I just think you should— think you should know That nothing safe is worth the drive And I will follow you, follow you home I'll follow you, follow you home I'll follow you, follow you home I'll follow you, follow you home Treacherous
50%
No matching quizzes found
Score Distribution
Percent of People with Each Score
Percentile by Number Answered
Your Score History
You have not taken this quiz